Score 0/13 Timer 03:00
0 Plays Today
Team Ranger % Correct
Mighty Morphin' 1 & 2Tommy Oliver
98.3%
Zeo & TurboAdam Park
94.6%
Ninja StormCameron Watanabe
90.9%
TurboCarlos Vallerte
88.2%
MegaforceJake Holling
87.3%
SPDBridge Carson
85.6%
SamuraiMike
84.9%
Time ForceTrip
84.8%
Mystic Force, 'Once a Ranger'Xander Bly
84%
Lost GalaxyDamon Henderson
83%
RPMZiggy Grover
82.3%
Lightspeed RescueJoel Rawlings
80.3%
Dino ChargeRiley Griffin
68.6%
Remove Ads.
Support Sporcle.
Get the best of Sporcle when you Go Orange. This ad-free experience offers more features, more stats, and more fun while also helping to support Sporcle. Thank you for becoming a member.

You're not logged in!

Compare scores with friends on all Sporcle quizzes.
OR
Log In

Show Comments

Extras

Top Quizzes Today


Score Distribution

Your Account Isn't Verified!

In order to create a playlist on Sporcle, you need to verify the email address you used during registration. Go to your Sporcle Settings to finish the process.

Report this User

Report this user for behavior that violates our Community Guidelines.

Details: